[Event "Druzynowe Mistrzostwa Polski Juniorow - II liga"]
[Site "Sypniewo k. Jastowia"]
[Date "2024-06-17"]
[Round "1.55"]
[White "Paprocki, Antoni"]
[Black "Stupak, Bartosz"]
[Result "1-0"]
[WhiteTitle "k"]
[BlackTitle "III"]
[WhiteElo "2164"]
[BlackElo "1431"]

1. Nf3 Nc6 2. d4 d5 3. c4 e6 4. g3 Nf6 5. Bg2 Be7 6. O-O O-O 7. Nbd2 b6 8. a3 a5
9. Qc2 Bb7 10. b3 Qd7 11. Bb2 Rfe8 12. Rac1 Rac8 13. Rfd1 Bf8 14. e4 h6 15. Ne5
Qd8 16. cxd5 Nxe5 17. dxe5 Nd7 18. Nc4 Bc5 19. Qd2 exd5 20. exd5 Be7 21. d6 Bg5
22. f4 Bxg2 23. Qxg2 cxd6 24. fxg5 Qxg5 25. Nxd6 Qe3+ 26. Qf2 Qxf2+ 27. Kxf2 Rxc1
28. Rxc1 Re6 29. Rc8+ 1-0

[Event "Druzynowe Mistrzostwa Polski Juniorow - II liga"]
[Site "Sypniewo k. Jastowia"]
[Date "2024-06-17"]
[Round "1.56"]
[White "Businski, Jan"]
[Black "Herka, Jakub"]
[Result "0-1"]
[WhiteTitle "II"]
[BlackTitle "I"]
[WhiteElo "1633"]
[BlackElo "1796"]

1. d4 Nf6 2. c4 e6 3. Nf3 d5 4. e3 c6 5. b3 Ne4 6. a3 Bd6 7. Bb2 Nd7 8. Bd3 f5
9. Nc3 O-O 10. Qc2 Qe7 11. Be2 Ndf6 12. Nd2 Bd7 13. Ndxe4 Nxe4 14. Bf3 Rf6 15.
g3 Raf8 16. Bg2 Nxc3 17. Qxc3 Be8 18. c5 Bc7 19. O-O-O Qd8 20. Bf1 b6 21. Be2
bxc5 22. dxc5 R6f7 23. b4 a5 24. Kc2 Re7 25. f4 e5 26. Rhe1 Qd7 27. Qd2 Bf7 28.
bxa5 Rfe8 29. Bf1 Bh5 30. Rc1 Bf3 31. fxe5 Be4+ 32. Bd3 Ra8 33. Bxe4 fxe4 34.
Bc3 Qd8 35. Bb4 Bxa5 36. Ra1 Bc7 37. Bc3 Bxe5 38. Bxe5 Rxe5 39. Reb1 Qf8 40. a4
Rf5 41. Re1 Rf2 42. Re2 Qxc5+ 43. Kd1 Rf1+ 44. Re1 Qc4 45. a5 Raf8 46. Rc1 Qb3+
47. Qc2 Rxe1+ 48. Kxe1 Qxe3+ 0-1

[Event "Druzynowe Mistrzostwa Polski Juniorow - II liga"]
[Site "Sypniewo k. Jastowia"]
[Date "2024-06-17"]
[Round "1.57"]
[White "Rabenda, Piotr"]
[Black "Pieszko, Antoni"]
[Result "0-1"]
[WhiteTitle "I"]
[BlackTitle "II+"]
[WhiteElo "1633"]
[BlackElo "1596"]

1. d4 Nf6 2. c4 e6 3. Nf3 b6 4. a3 Bb7 5. Nc3 d5 6. Bg5 Be7 7. e3 O-O 8. Rc1 a6
9. Qc2 Bd6 10. cxd5 exd5 11. Bd3 h6 12. Bh4 Re8 13. O-O Nbd7 14. Rfd1 Qb8 15.
Ne2 Ne4 16. Nd2 Ndf6 17. f3 Nxd2 18. Qxd2 Nd7 19. Re1 c5 20. Bg3 Nf8 21. Bxd6
Qxd6 22. Ng3 g6 23. Kh1 Rad8 24. f4 f5 25. Ne2 Nh7 26. Ng1 Nf6 27. Qf2 cxd4 28.
exd4 Ne4 29. Qe3 Kf8 30. Ne2 Kg7 31. Ng3 Rd7 32. Kg1 Rde7 33. Bxe4 dxe4 34. Rc2
Rd7 35. Rec1 Red8 36. Ne2 a5 37. Qg3 Kh7 38. h3 Rg8 39. Qe3 g5 40. fxg5 hxg5 41.
Qf2 f4 42. h4 e3 43. Qe1 f3 44. gxf3 gxh4+ 45. Kf1 Qh2 46. Ng3 Ba6+ 47. Rc4 Bxc4+
48. Rxc4 Rxg3 49. Qxe3 Qg2+ 50. Ke1 Qg1+ 51. Kd2 Qxe3+ 0-1

[Event "Druzynowe Mistrzostwa Polski Juniorow - II liga"]
[Site "Sypniewo k. Jastowia"]
[Date "2024-06-17"]
[Round "1.58"]
[White "Toczylowski, Mateusz"]
[Black "Bednarek, Jan"]
[Result "0-1"]
[WhiteTitle "II"]
[BlackTitle "I"]
[WhiteElo "1458"]
[BlackElo "1786"]

1. e4 c5 2. Nf3 d6 3. d4 cxd4 4. Nxd4 Nf6 5. Nc3 a6 6. Bc4 e6 7. O-O b5 8. Bb3
Be7 9. Bg5 O-O 10. Re1 Qc7 11. Qf3 Nbd7 12. Qg3 Nc5 13. Bh6 Nh5 14. Qg4 Bf6 15.
Nde2 Kh8 16. Qxh5 gxh6 17. Qxh6 Bg7 18. Qh4 b4 19. Nd1 a5 20. Nf4 Rg8 21. Re3
Nxb3 22. Rxb3 Qxc2 23. Rh3 Qxe4 24. Ne3 e5 25. Nfd5 Qxh4 26. Rxh4 Bb7 27. Rd1
Rgd8 28. Rg4 Bc8 29. Rg3 Be6 30. Nc7 Rac8 31. Nxe6 fxe6 32. Rg4 d5 33. Rg5 d4
34. Nc4 0-1

[Event "Druzynowe Mistrzostwa Polski Juniorow - II liga"]
[Site "Sypniewo k. Jastowia"]
[Date "2024-06-17"]
[Round "1.59"]
[White "Michniak, Julia"]
[Black "Obukhava, Anastasiya"]
[Result "0-1"]
[WhiteTitle "I"]
[BlackTitle "I++"]
[WhiteElo "1509"]
[BlackElo "1814"]

1. e4 c5 2. Nf3 e6 3. d4 cxd4 4. Nxd4 a6 5. Bd3 Qc7 6. O-O Nf6 7. c4 b6 8. Qe2
d6 9. f4 Nbd7 10. Nc3 Bb7 11. Bd2 Be7 12. Kh1 O-O 13. Rae1 Rad8 14. Nf3 Nb8 15.
e5 Nfd7 16. Nd5 exd5 17. exd6 Bxd6 18. Bc3 Rfe8 19. Bxh7+ Kxh7 20. Ng5+ Kg8 21.
Qh5 Nf8 22. f5 Rxe1 23. Rxe1 f6 24. Ne6 Nxe6 25. Rxe6 Qf7 26. Qh4 Be7 27. Re3
dxc4 28. Rh3 Rd1+ 29. Be1 Qh5 30. Qxc4+ Bd5 31. Qc8+ Bf8 32. Qc3 Qxh3 0-1

[Event "Druzynowe Mistrzostwa Polski Juniorow - II liga"]
[Site "Sypniewo k. Jastowia"]
[Date "2024-06-17"]
[Round "1.61"]
[White "Pulit, Kacper"]
[Black "Bochniak, Franciszek"]
[Result "0-1"]
[WhiteTitle "II+"]
[BlackTitle "I++"]
[WhiteElo "1728"]
[BlackElo "1936"]

1. e4 c5 2. Nf3 Nc6 3. c3 d5 4. exd5 Qxd5 5. d4 Bg4 6. dxc5 Qxd1+ 7. Kxd1 e5 8.
Nbd2 Bxc5 9. Ke1 O-O-O 10. Be2 Nf6 11. b4 Bb6 12. Nc4 Nd5 13. Nxb6+ axb6 14. Bd2
Rhe8 15. g3 Bxf3 16. Bxf3 e4 17. Bg4+ Kb8 18. c4 Ndxb4 19. Bxb4 Nxb4 20. Kf1 Rd2
21. a3 Nc2 22. Rd1 Red8 23. Rxd2 Rxd2 24. h3 e3 25. fxe3 Nxe3+ 26. Ke1 Ra2 27.
Bf3 Ra1+ 28. Kf2 Rxh1 29. Bxh1 Nxc4 30. Bd5 Nd6 31. a4 Kc7 32. Kf3 f6 33. Bg8
h6 34. Bd5 b5 35. axb5 Nxb5 36. Kg4 Nd6 37. Kh5 Nc8 38. Bxb7 Ne7 39. Ba6 Kd6 40.
h4 Ke5 41. g4 Kf4 42. Be2 Kg3 43. Bd1 Nd5 44. Kg6 Kxh4 45. Kxg7 Kg5 46. Kf7 Ne3
47. Bf3 Nxg4 48. Ke6 h5 49. Kd5 h4 50. Kd4 Kf4 51. Bg2 Nf2 0-1

[Event "Druzynowe Mistrzostwa Polski Juniorow - II liga"]
[Site "Sypniewo k. Jastowia"]
[Date "2024-06-17"]
[Round "1.62"]
[White "Lonski, Aleksander"]
[Black "Penar, Marcin"]
[Result "1-0"]
[WhiteTitle "I+"]
[BlackTitle "II"]
[WhiteElo "1852"]
[BlackElo "1715"]

1. e4 c5 2. Nf3 Nc6 3. d4 cxd4 4. Nxd4 Nf6 5. Nc3 e5 6. Nde2 Bb4 7. a3 Ba5 8. b4
Bb6 9. Qd6 Qe7 10. Qxe7+ Nxe7 11. Bg5 Ng4 12. Bh4 f6 13. Nb5 Nh6 14. Nec3 Nf7
15. Bc4 a6 16. Bxf7+ Kxf7 17. Nd6+ Ke6 18. O-O-O Bc7 19. Nc4 b5 20. Ne3 Bb7 21.
f3 Bb6 22. Bf2 Bxe3+ 23. Bxe3 d6 24. Bb6 Rhc8 25. Rd3 Rc6 26. Ba5 Rac8 27. Kb2
Rc4 28. Rhd1 R8c6 29. R1d2 Nc8 30. Nd5 g6 31. Ne3 f5 32. Nxc4 bxc4 33. Rc3 f4
34. a4 Ne7 35. Bd8 Ng8 36. b5 axb5 37. axb5 Rc5 38. Ka3 Kd7 39. Kb4 Rc8 40. Bh4
h6 41. Rxc4 Rxc4+ 42. Kxc4 g5 43. Bf2 Ke6 44. Kb4 Ne7 45. c4 g4 46. Bb6 h5 47.
Bc7 Nc8 48. c5 dxc5+ 49. Kxc5 h4 50. h3 1-0

[Event "Druzynowe Mistrzostwa Polski Juniorow - II liga"]
[Site "Sypniewo k. Jastowia"]
[Date "2024-06-17"]
[Round "1.63"]
[White "Balis, Sebastian"]
[Black "Jodlowski, Robert"]
[Result "1-0"]
[WhiteTitle "I"]
[BlackTitle "II"]
[WhiteElo "1675"]
[BlackElo "1675"]

1. e4 e6 2. d4 d5 3. Nc3 dxe4 4. Nxe4 Nd7 5. Nf3 Ngf6 6. Nxf6+ Nxf6 7. Bd3 c5 8.
dxc5 Bxc5 9. Qe2 O-O 10. O-O b6 11. Bg5 Bb7 12. Rad1 Qc7 13. Ne5 Kh8 14. c3 Rad8
15. Bc2 Rxd1 16. Rxd1 Ne4 17. Bxe4 Qxe5 18. Bf3 Qxg5 19. Bxb7 Rd8 20. Rxd8+ Qxd8
21. g3 a5 22. Kg2 Qd7 23. Qf3 Qd2 24. Qxf7 Qd6 25. Qe8+ Qf8 26. Qxf8+ Bxf8 27.
Bc8 e5 28. Kf3 Bc5 29. a3 g6 30. b4 Be7 31. Ke4 Kg7 32. Kd5 axb4 33. cxb4 Bf6
34. Kc6 e4 35. Kxb6 Bd4+ 36. Kc6 Bxf2 37. Ba6 Kf6 38. b5 Bg1 39. h3 Bh2 40. g4
h5 41. gxh5 gxh5 42. b6 Kg5 43. b7 Kh4 44. Be2 e3 45. Kd7 1-0

[Event "Druzynowe Mistrzostwa Polski Juniorow - II liga"]
[Site "Sypniewo k. Jastowia"]
[Date "2024-06-17"]
[Round "1.64"]
[White "Wites, Adam"]
[Black "Schiller, Marcin"]
[Result "0-1"]
[WhiteTitle "II+"]
[BlackTitle "II+"]
[WhiteElo "1657"]
[BlackElo "1636"]

1. Nf3 d5 2. g3 Nf6 3. Bg2 c5 4. O-O Nc6 5. c4 d4 6. d3 e5 7. Bg5 Be7 8. Bxf6 gxf6
9. Qd2 Be6 10. Na3 Qd7 11. Nc2 Bh3 12. a3 h5 13. Nh4 Bxg2 14. Nxg2 f5 15. f4 e4
16. h4 e3 17. Qe1 Bd6 18. b4 Ne7 19. bxc5 Bxc5 20. Qa5 b6 21. Qb5 Qxb5 22. cxb5
Nd5 23. Rfe1 Nc3 24. a4 Kd7 25. Na3 Rhg8 26. Kh2 Rg7 27. Nc4 f6 28. a5 Kc7 29.
axb6+ Bxb6 30. Rac1 Rag8 31. Ngxe3 dxe3 32. Rxc3 Rxg3 33. Rcc1 Rg2+ 34. Kh1 Kb8
35. Rg1 R2g4 36. Rxg4 Rxg4 37. Nd6 Rxh4+ 38. Kg2 Rg4+ 39. Kf3 Bc7 40. Ne8 h4 41.
Nxc7 Rg3# 0-1

[Event "Druzynowe Mistrzostwa Polski Juniorow - II liga"]
[Site "Sypniewo k. Jastowia"]
[Date "2024-06-17"]
[Round "1.65"]
[White "Kretowicz, Daria"]
[Black "Grzesik, Nikola"]
[Result "1/2-1/2"]
[WhiteTitle "I"]
[BlackTitle "I"]
[WhiteElo "1544"]
[BlackElo "1635"]

1. e4 c5 2. Nf3 Nc6 3. d4 cxd4 4. Nxd4 g6 5. Nc3 Bg7 6. Be3 Nf6 7. f3 O-O 8. Qd2
d5 9. exd5 Nxd5 10. Nxc6 bxc6 11. Bd4 e5 12. Bc5 Re8 13. Bd3 Bb7 14. O-O Nxc3
15. bxc3 Qa5 16. Bb4 Qd5 17. Qe3 a5 18. c4 Qd4 19. Qxd4 exd4 20. Bd2 Bc8 21. Rfe1
Be6 22. Rab1 Rec8 23. Rb7 a4 24. Reb1 Bf8 25. Bb4 Bxb4 26. R1xb4 Ra5 27. Rb8 Rxb8
28. Rxb8+ Kg7 29. Rb6 Rc5 30. Rb4 a3 31. Ra4 Kf6 32. Kf2 1/2-1/2

[Event "Druzynowe Mistrzostwa Polski Juniorow - II liga"]
[Site "Sypniewo k. Jastowia"]
[Date "2024-06-17"]
[Round "1.67"]
[White "Nowak, Maciej"]
[Black "Niesporek, Franciszek"]
[Result "1-0"]
[WhiteTitle "I"]
[BlackTitle "I"]
[WhiteElo "1791"]
[BlackElo "1782"]

1. e4 c5 2. c3 d6 3. d4 Nf6 4. dxc5 dxc5 5. Qxd8+ Kxd8 6. e5 Nd5 7. f4 Nc6 8. Bd3
e6 9. Nf3 Be7 10. Kf2 a6 11. Rd1 Kc7 12. Be4 Rd8 13. c4 Nb6 14. Rxd8 Kxd8 15.
Bxc6 bxc6 16. Na3 a5 17. Ke2 Ba6 18. Kd3 Kc7 19. Bd2 a4 20. Kc3 Rd8 21. Be3 h5
22. g3 Rb8 23. Nd2 f5 24. h4 Kc8 25. Rd1 Kc7 26. Nf3 Rd8 27. Rxd8 Kxd8 28. b3
axb3 29. axb3 Kc7 30. Nc2 Nd7 31. Nce1 Bg5 32. hxg5 g6 33. Bxc5 Kb7 34. Bd6 Kb6
35. b4 Kb7 36. Bc5 Kc7 37. Kd4 Kb7 38. Bb6 1-0

[Event "Druzynowe Mistrzostwa Polski Juniorow - II liga"]
[Site "Sypniewo k. Jastowia"]
[Date "2024-06-17"]
[Round "1.68"]
[White "Zimny, Karol"]
[Black "Wieckowski, Igor"]
[Result "1/2-1/2"]
[WhiteTitle "II"]
[BlackTitle "I"]
[WhiteElo "1725"]
[BlackElo "1623"]

1. e4 e6 2. d4 d5 3. e5 c5 4. c3 Nc6 5. Nf3 Qb6 6. Na3 c4 7. Nc2 Qc7 8. Be2 Nge7
9. O-O b5 10. Nh4 Ng6 11. Nxg6 hxg6 12. f4 Bd7 13. Be3 b4 14. cxb4 Nxb4 15. Nxb4
Bxb4 16. Qc2 Rc8 17. b3 cxb3 18. Qxb3 Qc3 19. Rfc1 Qxb3 20. Rxc8+ Bxc8 21. axb3
a5 22. Rc1 Bd7 23. Rc7 Rf8 24. Bf2 Kd8 25. Ra7 f6 26. Bh4 Bc3 27. Bf2 Rf7 28.
Bb5 Re7 29. Ra8+ Kc7 30. Ra7+ Kc8 31. Ba6+ Kb8 32. Rb7+ Kc8 33. Ra7+ Kd8 1/2-1/2

[Event "Druzynowe Mistrzostwa Polski Juniorow - II liga"]
[Site "Sypniewo k. Jastowia"]
[Date "2024-06-17"]
[Round "1.69"]
[White "Szmolke, Stanislaw"]
[Black "Lassak, Franciszek"]
[Result "1-0"]
[WhiteTitle "I"]
[BlackTitle "II"]
[WhiteElo "1760"]
[BlackElo "1533"]

1. e4 g6 2. Nf3 Bg7 3. d4 c5 4. c3 cxd4 5. cxd4 Qb6 6. Nc3 e6 7. Be2 Ne7 8. O-O
O-O 9. Rb1 d5 10. e5 Bd7 11. Bg5 Re8 12. Qd2 Nbc6 13. Rfd1 Na5 14. Qf4 Nc4 15.
Bxc4 dxc4 16. Bxe7 Rxe7 17. d5 Ree8 18. d6 Bc6 19. Ng5 Rf8 20. Nge4 Qa5 21. Nf6+
Kh8 22. Rd4 b5 23. a3 Qd8 24. Nce4 Bxe4 25. Nxe4 f6 26. exf6 Bxf6 27. Nxf6 Qxf6
28. Qxf6+ Rxf6 29. d7 Rd8 30. a4 Rf5 31. Rbd1 Kg7 32. axb5 Rxb5 33. Rxc4 Kf7 34.
Rc7 a5 35. Rd2 Ke7 36. Ra7 Rd5 37. Rxd5 exd5 38. Rxa5 Rxd7 39. Rb5 Ke6 40. Kf1
Ke5 41. Ke2 Kd4 42. Kd2 Kc4 43. Rb8 d4 44. b3+ Kd5 45. Kd3 Kd6 46. b4 Kc7 47.
Rb5 Kc6 48. Rc5+ Kb6 49. Rc4 Kb5 50. Rxd4 Ra7 51. Ke4 Ra2 52. Kf3 Ra3+ 53. Kg4
Ra2 54. Kg3 Rc2 55. Rd7 Kxb4 56. Rxh7 Rc6 57. Rd7 Kc5 58. Rd2 Rd6 59. Rxd6 Kxd6
60. Kf4 1-0

[Event "Druzynowe Mistrzostwa Polski Juniorow - II liga"]
[Site "Sypniewo k. Jastowia"]
[Date "2024-06-17"]
[Round "1.70"]
[White "Karnowka, Kacper"]
[Black "Wasiluk, Dominik"]
[Result "0-1"]
[WhiteTitle "II"]
[BlackTitle "I"]
[WhiteElo "1510"]
[BlackElo "1709"]

1. e4 c5 2. Nf3 e6 3. c3 Nf6 4. e5 Nd5 5. d4 cxd4 6. cxd4 d6 7. Bc4 Nb6 8. Bb3
dxe5 9. Nxe5 Bd6 10. O-O O-O 11. Re1 Re8 12. Nc3 Nc6 13. f4 Bd7 14. a3 Rc8 15.
Nb5 Bb8 16. Nc3 Nxe5 17. dxe5 Bc6 18. Be3 Qe7 19. Qe2 Red8 20. Qf2 Nd5 21. Bc5
Qc7 22. Nxd5 Bxd5 23. Bd6 Qa5 24. Bb4 Qb5 25. Bd1 Bc7 26. Be2 Bc4 27. Bxc4 Qxc4
28. Qxa7 Qxf4 29. Be7 Re8 30. Qxb7 Bxe5 31. Rac1 Rxc1 0-1

[Event "Druzynowe Mistrzostwa Polski Juniorow - II liga"]
[Site "Sypniewo k. Jastowia"]
[Date "2024-06-17"]
[Round "1.71"]
[White "Nowak, Zuzanna"]
[Black "Nieckarz, Maja"]
[Result "0-1"]
[WhiteTitle "I++"]
[BlackTitle "I++"]
[WhiteElo "1725"]
[BlackElo "1745"]

1. e4 c5 2. Nf3 Nc6 3. c3 d5 4. exd5 Qxd5 5. d4 Bf5 6. Na3 cxd4 7. Nb5 O-O-O 8.
cxd4 e5 9. Be2 exd4 10. a4 a6 11. Na3 d3 12. Bf1 Bb4+ 13. Bd2 Re8+ 14. Be2 Rxe2+
15. Kf1 Bxd2 16. Nxd2 Qd4 0-1

[Event "Druzynowe Mistrzostwa Polski Juniorow - II liga"]
[Site "Sypniewo k. Jastowia"]
[Date "2024-06-17"]
[Round "1.73"]
[White "Panasiuk, Piotr"]
[Black "Nawrocki, Michal"]
[Result "0-1"]
[WhiteTitle "II"]
[BlackTitle "I"]
[WhiteElo "1517"]
[BlackElo "1771"]

1. d4 Nf6 2. c4 e6 3. Nf3 d5 4. e3 c6 5. Nc3 Nbd7 6. Be2 Bd6 7. O-O O-O 8. a3 dxc4
9. Bxc4 e5 10. e4 exd4 11. Nxd4 Ne5 12. Bb3 Nfg4 13. h3 Bc5 14. Nce2 Nf6 15. Bc2
Bb6 16. Kh1 c5 17. f4 cxd4 18. fxe5 Ng4 19. Nf4 Nxe5 20. Nd5 Be6 21. Nxb6 Qxb6
22. Qh5 f6 23. Bf4 Bf7 24. Qe2 Bc4 25. Qh5 Bxf1 0-1

[Event "Druzynowe Mistrzostwa Polski Juniorow - II liga"]
[Site "Sypniewo k. Jastowia"]
[Date "2024-06-17"]
[Round "1.74"]
[White "Garwacki, Kornel"]
[Black "Tanski, Wojciech"]
[Result "1-0"]
[WhiteTitle "I"]
[BlackTitle "III"]
[WhiteElo "1844"]
[BlackElo "1441"]

1. Nc3 c5 2. g3 d6 3. Bg2 Nf6 4. e4 Nc6 5. Nge2 g6 6. O-O e6 7. d3 Bg7 8. f4 O-O
9. h3 a6 10. Be3 Rb8 11. g4 Qc7 12. Ng3 b6 13. f5 exf5 14. exf5 Bb7 15. g5 Nd7
16. f6 Bh8 17. Nd5 Qd8 18. h4 h6 19. Ne4 Nde5 20. gxh6 Kh7 21. Ng5+ Kg8 22. h7#
1-0

[Event "Druzynowe Mistrzostwa Polski Juniorow - II liga"]
[Site "Sypniewo k. Jastowia"]
[Date "2024-06-17"]
[Round "1.75"]
[White "Kopacki, Aleksander"]
[Black "Nowicki, Franciszek"]
[Result "1-0"]
[WhiteTitle "I"]
[BlackTitle "II"]
[WhiteElo "1782"]
[BlackElo "1758"]

1. d4 Nf6 2. Nc3 d5 3. Bg5 h6 4. Bh4 Bf5 5. f3 c6 6. e3 Nbd7 7. Bd3 Bxd3 8. Qxd3
e6 9. e4 dxe4 10. fxe4 Be7 11. O-O-O Nb6 12. Nf3 O-O 13. Rhg1 Nh7 14. Bxe7 Qxe7
15. g4 g6 16. Rg3 Kg7 17. Ne2 Rfd8 18. Qc3 Na4 19. Qb3 Nb6 20. Ne5 c5 21. Rf1
Rf8 22. Qe3 cxd4 23. Qxd4 f6 24. Nd3 Rfd8 25. Qc5 Qd7 26. e5 Rf8 27. exf6+ Rxf6
28. Rxf6 Nxf6 29. g5 Nfd5 30. gxh6+ Kh7 31. Rxg6 Rg8 32. Rxg8 Kxg8 33. Qg1+ Kf8
34. Ne5 Qh7 35. Qg5 Ne7 36. Nd4 Qg8 37. Qxg8+ Kxg8 38. Nxe6 Nbd5 39. Ng5 Nf6 40.
Kd2 Nf5 41. h7+ Nxh7 42. Nxh7 Kxh7 43. Nf7 Kg6 44. Ne5+ Kg5 45. Nc4 Kg4 46. Kd3
Kh3 47. Ke4 Ne7 48. Nd6 b6 49. Nb5 1-0

[Event "Druzynowe Mistrzostwa Polski Juniorow - II liga"]
[Site "Sypniewo k. Jastowia"]
[Date "2024-06-17"]
[Round "1.76"]
[White "Kurczewski, Borys"]
[Black "Tanski, Jakub"]
[Result "1-0"]
[WhiteTitle "II"]
[BlackTitle "III"]
[WhiteElo "1508"]
[BlackElo "1416"]

1. e4 c5 2. Nf3 a6 3. c3 Nf6 4. e5 Nd5 5. d4 cxd4 6. cxd4 e6 7. Bc4 Nb6 8. Bb3
Nc6 9. O-O Be7 10. Nc3 O-O 11. Be3 Bb4 12. Bc2 Bxc3 13. bxc3 d5 14. Bxh7+ Kxh7
15. Ng5+ Kg8 16. Qh5 Qxg5 17. Bxg5 Nc4 18. Bf6 gxf6 19. exf6 Rd8 20. Qh6 Bd7 21.
Qg7# 1-0

[Event "Druzynowe Mistrzostwa Polski Juniorow - II liga"]
[Site "Sypniewo k. Jastowia"]
[Date "2024-06-17"]
[Round "1.77"]
[White "Woytitzki, Maja"]
[Black "Michalska, Anna-maria"]
[Result "1-0"]
[WhiteTitle "I"]
[BlackTitle "I"]
[WhiteElo "1544"]
[BlackElo "1607"]

1. Nf3 d5 2. g3 Nf6 3. Bg2 e6 4. d3 Be7 5. Nbd2 O-O 6. O-O b6 7. e4 Bb7 8. Re1
dxe4 9. Ng5 h6 10. Ngxe4 Nxe4 11. Nxe4 Nd7 12. b3 Rb8 13. Bb2 Nf6 14. Nxf6+ Bxf6
15. Bxf6 Qxf6 16. Qe2 c5 17. Rad1 Rfd8 18. Be4 Rd4 19. c3 Bxe4 20. dxe4 Rxd1 21.
Rxd1 Qxc3 22. Qa6 Qa5 23. Qxa5 bxa5 24. Rd7 a4 25. bxa4 a5 26. Ra7 Rb2 27. Rxa5
Rxa2 28. Rxc5 Rxa4 29. e5 g5 30. Kg2 Kg7 31. h3 h5 32. Rc3 Re4 33. Re3 Rxe3 34.
fxe3 f5 35. Kf2 g4 36. h4 Kf7 37. e4 fxe4 38. Ke3 Kg7 39. Kxe4 Kg6 40. Kf4 Kh6
41. Ke3 Kg6 42. Ke4 Kf7 43. Kd4 Kg7 44. Kc5 Kg6 45. Kc6 Kf5 46. Kd6 Ke4 47. Kxe6
Kf3 48. Kf6 Kxg3 49. e6 Kxh4 50. e7 Kh3 51. e8=Q h4 52. Qe6 Kg3 53. Kg5 h3 54.
Qxg4+ Kh2 55. Kh4 Kh1 56. Qxh3+ Kg1 57. Qd3 Kf2 58. Kg4 Ke1 59. Kf4 Kf2 60. Qd2+
Kg1 1-0

[Event "Druzynowe Mistrzostwa Polski Juniorow - II liga"]
[Site "Sypniewo k. Jastowia"]
[Date "2024-06-17"]
[Round "1.78"]
[White "Bartkowiak, Aleksandra"]
[Black "Woytitzki, Sophie"]
[Result "0-1"]
[WhiteTitle "II+"]
[BlackTitle "I"]
[WhiteElo "1574"]
[BlackElo "1583"]

1. e4 e5 2. Nf3 Nc6 3. d4 exd4 4. Nxd4 Bc5 5. Be3 Bxd4 6. Bxd4 Nf6 7. Nc3 d6 8.
Qd2 Be6 9. f4 Nxd4 10. Qxd4 c5 11. Qd2 O-O 12. O-O-O Qa5 13. Kb1 Nxe4 14. Qe3
Nxc3+ 15. Qxc3 Qxa2+ 16. Kc1 Bg4 17. Re1 d5 18. h3 Bf5 19. g4 Be4 20. Rg1 d4 21.
Qg3 Rfe8 22. Rxe4 Rxe4 23. Qh4 Rxf4 24. Qg3 Rxf1+ 25. Rxf1 Qa1+ 26. Kd2 Qxf1 0-1

[Event "Druzynowe Mistrzostwa Polski Juniorow - II liga"]
[Site "Sypniewo k. Jastowia"]
[Date "2024-06-17"]
[Round "1.79"]
[White "Siwek, Leon"]
[Black "Jablonski, Piotr"]
[Result "1-0"]
[WhiteTitle "II"]
[BlackTitle "II"]
[WhiteElo "1602"]
[BlackElo "1570"]

1. e4 c5 2. Nf3 Nc6 3. d4 cxd4 4. Nxd4 g6 5. c4 Nf6 6. Nc3 d6 7. Be3 Bg7 8. Be2
O-O 9. Qd2 Bd7 10. f3 Re8 11. O-O a6 12. Rac1 Rc8 13. b3 Qa5 14. Rfd1 Nxd4 15.
Bxd4 b5 16. cxb5 Bxb5 17. Bxb5 axb5 18. Qd3 b4 19. Na4 Nd7 20. Bxg7 Kxg7 21. Qd4+
Kg8 22. f4 Red8 23. Rc4 Rxc4 24. Qxc4 Nb6 25. Qc7 Rc8 26. Qxb6 Qh5 27. Qd4 Rc2
28. Qd3 Rxa2 29. Qf3 Qa5 30. Rf1 Qa7+ 31. Kh1 Qd4 32. h3 1-0

[Event "Druzynowe Mistrzostwa Polski Juniorow - II liga"]
[Site "Sypniewo k. Jastowia"]
[Date "2024-06-17"]
[Round "1.81"]
[White "Wojciechowski, Szymon"]
[Black "Wilman, Maciej"]
[Result "1-0"]
[WhiteTitle "I"]
[BlackTitle "II"]
[WhiteElo "1837"]
[BlackElo "1503"]

1. e4 c5 2. Nf3 d6 3. d4 cxd4 4. Nxd4 Nf6 5. f3 g6 6. c4 Bg7 7. Be3 Nc6 8. Qd2
O-O 9. Nc3 Bd7 10. Be2 a6 11. Kf2 Rc8 12. g4 Ne5 13. b3 Re8 14. Rag1 h5 15. gxh5
Nxh5 16. f4 Nc6 17. Bxh5 gxh5 18. Nxc6 Rxc6 19. f5 Kh7 20. Rxg7+ Kxg7 21. Rg1+
Kf6 22. Nd5+ 1-0

[Event "Druzynowe Mistrzostwa Polski Juniorow - II liga"]
[Site "Sypniewo k. Jastowia"]
[Date "2024-06-17"]
[Round "1.84"]
[White "Bastrzyk, Kinga"]
[Black "Kaczmarczyk, Dominika"]
[Result "0-1"]
[WhiteTitle "I"]
[BlackTitle "II"]
[WhiteElo "1519"]
[BlackElo "1407"]

1. e4 c5 2. Nf3 g6 3. d4 cxd4 4. Nxd4 Nc6 5. Be3 Nf6 6. Nc3 Bg7 7. f3 Qb6 8. Na4
Qa5+ 9. c3 O-O 10. Bc4 Nxd4 11. Bxd4 b5 12. b4 Qxa4 13. Qxa4 bxa4 14. Bb5 a3 15.
g4 a6 16. Bc4 Bb7 17. Rd1 Rfc8 18. Bb3 d6 19. h4 Nd7 20. h5 Ne5 21. Kf2 a5 22.
h6 Bf6 23. Kg3 Nd7 24. Ba4 Ne5 25. f4 Nc4 26. Bb5 axb4 27. cxb4 Bxe4 28. Bxf6
Bxh1 29. Bxe7 Ra7 30. Bxd6 Nxd6 31. Rxd6 Kf8 32. Rf6 Rb8 33. Bc4 Rxb4 34. Bb3
Rxb3+ 35. axb3 a2 36. f5 a1=Q 37. g5 Qe5+ 38. Kh3 Qe3+ 39. Kh4 Ra2 40. fxg6 Rh2+
41. Kg4 Qe4+ 42. Kg3 Rg2+ 43. Kh3 Qg4# 0-1

[Event "Druzynowe Mistrzostwa Polski Juniorow - II liga"]
[Site "Sypniewo k. Jastowia"]
[Date "2024-06-17"]
[Round "1.85"]
[White "Przybylski, Bartosz"]
[Black "Burda, Igor"]
[Result "1-0"]
[WhiteTitle "k"]
[BlackTitle "II+"]
[WhiteElo "2085"]
[BlackElo "1648"]

1. e4 c6 2. d4 d5 3. e5 Bf5 4. h4 h5 5. Bd3 Bxd3 6. Qxd3 e6 7. Nf3 Nd7 8. Bg5 Be7
9. O-O Bxg5 10. Nxg5 Ne7 11. Nd2 Nf5 12. g3 O-O 13. c4 Nb6 14. c5 Nc4 15. Ndf3
Nxb2 16. Qb3 Nc4 17. Qxb7 Qc8 18. Rab1 Na5 19. Qxc8 Rfxc8 20. Rb4 Rcb8 21. Rfb1
Rxb4 22. Rxb4 Kf8 23. Nd2 a6 24. Kf1 Ra7 25. Ke2 Ke7 26. Kd3 Rb7 27. Rb6 f6 28.
Nb3 fxg5 29. Nxa5 Rxb6 30. cxb6 Kd7 31. hxg5 Ne7 32. Nb3 Kc8 33. a4 a5 34. Nxa5
Kb8 35. Nb3 Kb7 36. a5 c5 37. Nxc5+ 1-0

[Event "Druzynowe Mistrzostwa Polski Juniorow - II liga"]
[Site "Sypniewo k. Jastowia"]
[Date "2024-06-17"]
[Round "1.86"]
[White "Trusewicz, Jakub"]
[Black "Polak, Aleksander"]
[Result "0-1"]
[WhiteTitle "II"]
[BlackTitle "II"]
[WhiteElo "1573"]
[BlackElo "1554"]

1. e4 c6 2. d4 d5 3. exd5 cxd5 4. Nc3 Bf5 5. Nf3 Nc6 6. Bd3 Bxd3 7. Qxd3 e6 8.
Bf4 a6 9. a3 Bd6 10. Qe3 Nge7 11. O-O O-O 12. Ne2 Nf5 13. Qd2 Rc8 14. Rac1 b5
15. c3 Qb6 16. Bxd6 Nxd6 17. Ng3 h6 18. Qf4 Ne7 19. Ne5 Rc7 20. Nh5 Nc4 21. Qg4
Nf5 22. Nf6+ Kh8 23. Ned7 Qd6 24. Nxf8 gxf6 25. Nxe6 fxe6 26. Qe2 Re7 27. f4 Nce3
28. Rf3 Rg7 29. Re1 Rxg2+ 30. Qxg2 Nxg2 31. Kxg2 Nh4+ 0-1

[Event "Druzynowe Mistrzostwa Polski Juniorow - II liga"]
[Site "Sypniewo k. Jastowia"]
[Date "2024-06-17"]
[Round "1.87"]
[White "Kosecki, Kacper"]
[Black "Trusewicz, Remigiusz"]
[Result "0-1"]
[WhiteTitle "III"]
[BlackTitle "II"]
[WhiteElo "1444"]
[BlackElo "1645"]

1. c4 e6 2. Nc3 Nf6 3. g3 d5 4. cxd5 Nxd5 5. Bg2 Be7 6. Nxd5 exd5 7. d4 O-O 8.
Nf3 Nc6 9. O-O Bf5 10. Bf4 Qd7 11. Ne5 Nxe5 12. Bxe5 Rfe8 13. Rc1 c6 14. a3 Bg5
15. Ra1 f6 16. Bf4 Bxf4 17. gxf4 Bh3 18. Qd3 Bxg2 19. Kxg2 Qg4+ 20. Qg3 Qxg3+
21. fxg3 Rxe2+ 22. Rf2 Rae8 23. b4 Kf7 24. Kf1 R2e3 25. a4 Rb3 26. b5 cxb5 27.
axb5 Rxb5 28. Rxa7 Re4 29. Rd2 Kg6 30. Kf2 Rb4 31. Kf3 Rb3+ 32. Kf2 Kf5 33. Ra5
Ke6 34. Re2 Rxe2+ 35. Kxe2 Rb2+ 36. Kf3 Rxh2 37. Rb5 h5 38. Rxb7 g5 39. fxg5 fxg5
40. Rg7 g4+ 41. Kf4 Rf2+ 42. Kg5 Rf5+ 43. Kh6 Rf3 44. Kxh5 Rxg3 45. Rxg4 Rd3 46.
Kg5 Kd6 47. Kf5 Kc6 48. Ke6 Re3+ 49. Kf5 Kb5 50. Kf6 Kc4 51. Kf5 Re1 52. Rf4 Kd3
53. Rg4 Re8 54. Rh4 Kc4 55. Rg4 Re1 56. Rf4 Rd1 57. Ke5 Re1+ 58. Kf5 Re2 59. Rg4
Rd2 60. Ke5 Rd3 61. Rf4 Re3+ 62. Kf5 Re7 63. Rg4 Re8 64. Rh4 Rg8 65. Ke6 Rg6+
66. Kf5 Rg2 67. Rf4 Rh2 68. Ke5 Rh5+ 69. Ke6 Kd3 70. Kd6 Ke3 71. Rg4 Kf3 72. Rg6
Ke4 73. Rg4+ Kf5 74. Rg7 Ke4 75. Rg4+ Kd3 76. Rf4 Kc4 77. Rg4 Rh3 78. Rg5 Rh4
79. Rxd5 Rh6+ 80. Ke5 Rh5+ 81. Ke4 Rxd5 82. Kf4 Kxd4 83. Kf3 Rf5+ 84. Ke2 Ke4
85. Kd2 Rc5 86. Ke2 Rc2+ 87. Kd1 Rh2 88. Ke1 Kd3 89. Kf1 Ke3 90. Kg1 Ra2 91. Kf1
0-1